000
00218nam a22000977a 4500
008
170125b xxu||||| |||| 00| 0 eng d
041
_a
eng
080
_2
3RD
_a
618.2
245
_a
UROLOGY
_c
MACFARLANE, M.T
942
_2
udc
_c
BK
999
_c
3579
_d
3579